Father of the Nation - Statistics

General Stats
  • This quiz has been taken 35 times
  • The average score is 7 of 15
Answer Stats
Nation Name % Correct
United States George Washington
100%
Soviet Union Vladimir Lenin
97%
India Mahatma Gandhi
88%
Turkey Mustafa Kemal Atatürk
81%
South Africa Nelson Mandela
81%
Vietnam Ho Chi Minh
78%
Saudi Arabia Ibn Saud
50%
Russia Peter the Great
44%
Indonesia Sukarno
38%
China Sun Yat-sen
25%
Canada John A. Macdonald
19%
Israel Theodor Herzl
16%
Scotland Donald Dewar
9%
Mexico Miguel Hidalgo y Costilla
9%
Singapore Stamford Raffles
9%
No matching quizzes found
Score Distribution
Percent of People with Each Score
Percentile by Number Answered
Your Score History
You have not taken this quiz